000 00331 a2200145 4500
001 177693
020 _a
040 _cMagnum
100 _aSanta Rosa, Nereide Schilaro
240 1 0 _aLuzes e sombras / seculo xxi
_lpor
245 1 0 _aLuzes e sombras / seculo xxi
362 0 _a1899
697 _aMAGNITO: DIDATICO
942 _cBK
999 _c177693
_d177693